01249nas a2200301 4500001001000000003000900010005001700019007000300036008003400039040005400073041000900127072000800136100001500144100001900159111015300178245011300331246009200444650001000536650001700546650002200563650001000585773009100595856003100686909004000717942001800757999001900775952015300794BR8301342BR-BrBNA20231205085457.0ta230509b bl.|||p| |||| 00| 00por d aBR-BrBNAbporcBiblioteca Nacional de Agricultura a(Pt) aH601 aLisboa, G.1 aVinha, S.G. da1 a14. Congresso Brasileiro de Herbicidas e Ervas Daninhas; 6. Congresso de la Asociacion Latinoamericana de MalezascCampinas, SP (Brazil)d2 Aug 19821 aPlantas indesejaveis em cacauais de idades diferentes na area do Centro de Pesquisas do Cacau, Bahia, Brasil1 aWeeds in cacao plantation of different ages in the Cacao Research Center, Bahia, Brazil aCACAU aERVA DANINHA aCOBERTURA VEGETAL aBAHIA0 tRevista Theobroma (Brazil)xISSN 0370-7962g(Jul 1982), v. 12(3) p. 135-140wBR830134240dLink DSPACE/MAPA BR8301342 a202311bLúciac55dLúcia Elande 2AGRISn0cANA c111682d111682 002AGRIS4071a41918b41918cPeriódicos Agrícolash(Jul 1982), v. 12(3) p. 135-140l0r2023-11-29t01yCRePortaria Interministerial nº 164/94